00793nam a2200217 i 450000100060000000300090000600500170001500700030003200800410003510000230007624500980009926000370019730000260023449000480026060000270030870000270033583000560036285200210041899900170043995201190045696692ES-MaACL20230906181947.0t|050629s1914 fr ||||1| fre d1 aMamelet, A.97589513aLe relativisme philosohique chez Georg Simmel / cpar A. Mamelet; préface de Victor Delbos. aParis : bFélix Alcan, c1914. aIX, 214 p. ; c23 cm.1 aBibliothèque de philosophie contemporaine04aSimmel, Georg.91064801 aDelbos, Victor.9433460 aBibliothèque de philosophie contemporaine9181027 aES-MaACLjB-6863 c96692d96692 00104070aATENEOMbATENEOMcSPBd2008-01-17eSCl0oB-6863p1100945r2023-02-23 00:00:00w2023-02-23yMONOGRAFIA